Don Olegario (Record no. 160882)

MARC details
000 -LEADER
campo de control de longitud fija 00784nam a2200181 i 4500
001 - NÚMERO DE CONTROL
campo de control 160882
003 - IDENTIFICADOR DE NÚMERO DE CONTROL
campo de control ES-MaACL
005 - FECHA Y HORA DE LA ÚLTIMA TRANSACCIÓN
campo de control 20250730063142.0
008 - DATOS DE LONGITUD FIJA--INFORMACIÓN GENERAL
campo de control de longitud fija 041004s1857 sp |||| | spa d
040 ## - FUENTE DE CATALOGACIÓN
Centro catalogador/agencia de origen CAM
Lengua de catalogación spa
Centro/agencia transcriptor CAM
100 1# - ENTRADA PRINCIPAL--NOMBRE DE PERSONA
Nombre de persona Ochoa de Alda, Teodoro,
Fechas asociadas al nombre 1803-1878
9 (RLIN) 130591
245 10 - MENCIÓN DEL TÍTULO
Título Don Olegario
Resto del título : zarzuela en un acto /
Mención de responsabilidad, etc. original de Teodoro Ochoa de Alda ; música del maestro Santiago Gelos.
260 ## - PUBLICACIÓN, DISTRIBUCIÓN, ETC.
Lugar de publicación, distribución, etc. Madrid :
Nombre del editor, distribuidor, etc. [s.n.],
Fecha de publicación, distribución, etc. 1857 (
Fabricante Imprenta á cargo de Francisco Sales)
300 ## - DESCRIPCIÓN FÍSICA
Extensión 27 p. ;
Dimensiones 19 cm.
700 1# - ENTRADA AGREGADA--NOMBRE PERSONAL
Nombre de persona Gelos, Santiago.
9 (RLIN) 127278
852 ## - LOCALIZACIÓN
Ubicación ES-MaACL
Número de control de estantería F-8557(7)
Nota libre -- Enc. pasta española
condición física -- Falto de la cub. original
Nota libre -- Enc. en un vol. facticio formando parte de la col. facticia "Teatro español moderno", v.9
Holdings
Estatus retirado Estado de pérdida Estado de daño No para préstamo Colección Biblioteca de origen Biblioteca actual Ubicación en estantería Fecha de adquisición Total de préstamos Signatura topográfica completa Código de barras Visto por última vez Precio de reemplazo Tipo de ítem Koha
        Libros del s. XIX Biblioteca del Ateneo de Madrid Biblioteca del Ateneo de Madrid Sala Pecera Planta 2 17/01/2008   F-8557(7) 1168481 23/02/2023 23/02/2023 Libro impreso antiguo